000
00265nam a2200109Ia 4500
008
190216s9999||||xx |||||||||||||| ||und||
100
_a
Mundasseri
245
0
_a
Ashan Kavitha Oru Padanam
260
_b
Mangalodhayam Publications
650
_a
Psycology
942
_c
BK
999
_c
25149
_d
25149